|
|
|
|
| LEADER |
00922nab a2200241 i 4500 |
| 001 |
misc65385 |
| 005 |
20240906135035.0 |
| 008 |
240205s1960 hu o 000 rus d |
| 040 |
|
|
|a SZTE Miscellanea Repozitórium
|b hun
|
| 041 |
|
|
|a rus
|
| 041 |
|
|
|a chi
|
| 100 |
1 |
|
|a Zuev Ûrij Alekseevič
|
| 245 |
1 |
0 |
|a Tamgi lošadej iz vassal'nyh knâžestv
|h [elektronikus dokumentum] :
|b perevod iz kitajskogo sočineniâ VIII-X vv. Tanhujâo /
|c Zuev Ûrij Alekseevič
|
| 260 |
|
|
|a Izdat. Akademii Nauk Kazahskoj SSR
|b Alma-Ata
|c 1960
|
| 300 |
|
|
|a 93-140
|c 26 cm
|
| 300 |
|
|
|a [48] p.
|c 26 cm
|
| 490 |
0 |
|
|a Trudy Instituta istorii, arheologii i étnografii
|
| 561 |
|
|
|a Németh Gyula hagyaték
|
| 591 |
|
|
|a NOA 6613
|
| 650 |
|
4 |
|a Bölcsészettudományok
|
| 650 |
|
4 |
|a Történettudomány és régészet
|
| 695 |
|
|
|a Török népek története
|
| 856 |
4 |
0 |
|u http://misc.bibl.u-szeged.hu/65385/1/6613_noa.pdf
|z Dokumentum-elérés
|